|
|
|
|
| LEADER |
00000nas a2200000 4500 |
| 001 |
ssj0006222 |
| 003 |
WaSeSS |
| 005 |
20200512172242.0 |
| 006 |
m d |
| 007 |
cr n |
| 008 |
780405c19779999enkqr p s 0 a0eng c |
| 010 |
|
|
|a 80640815
|
| 022 |
|
|
|l 0309-8265
|y 0309-8265
|
| 035 |
|
|
|a (WaSeSS)ssj0006222
|
| 040 |
|
|
|a UIU
|b eng
|c UIU
|d HUL
|d IUL
|d DLC
|d NST
|d AIP
|d NST
|d OCL
|d OCLCQ
|d LVB
|d OCLCQ
|d OCLCF
|d OCLCO
|d DLC
|d EUW
|d OCLCO
|d DLC
|d GILDS
|d OCLCQ
|d ZAS
|d WaSeSS
|
| 042 |
|
|
|a pcc
|
| 050 |
0 |
0 |
|a G72
|b .J68
|
| 082 |
0 |
4 |
|a 910/.7/11
|
| 210 |
0 |
|
|a J. geogr. high. educ.
|
| 222 |
|
0 |
|a Journal of geography in higher education
|
| 245 |
0 |
0 |
|a Journal of geography in higher education
|h [electronic resource].
|
| 246 |
1 |
3 |
|a JGHE
|f spring 1977-
|
| 260 |
|
|
|a Abingdon, Oxfordshire,
|b Carfax Pub. Co.
|
| 310 |
|
|
|a Four times a year,
|b <2013->
|
| 321 |
|
|
|a 3 no. a year,
|b <vol. 18, no. 1>
|
| 321 |
|
|
|a Semiannual,
|b spring 1977-
|
| 362 |
0 |
|
|a v. 1- spring 1977-
|
| 500 |
|
|
|a Published: Oxford, Published from Oxford Polytechnic]; Oxfordshire, Eng., Carfax Pub. Co., <1994->; Abingdon, Oxfordshire Taylor & Francis, <2014->
|
| 506 |
|
|
|a License restrictions may limit access.
|
| 650 |
|
0 |
|a Geography
|x Study and teaching (Higher)
|v Periodicals.
|
| 650 |
|
6 |
|a Géographie
|x Étude et enseignement (Supérieur)
|v Périodiques.
|
| 650 |
|
7 |
|a Geography
|x Study and teaching (Higher)
|2 fast
|0 (OCoLC)fst00940543
|
| 655 |
|
0 |
|a Electronic journals.
|
| 850 |
|
|
|a AzTeS
|a CLU
|a CSt
|a CU
|a CaNBFU
|a CaNSTT
|a CaOLU
|a CaSSU
|a CoU
|a DLC
|a FU
|a IaU
|a InU
|a KMK
|a KU
|a MiDW
|a MnU
|a MoU
|a OCU
|a OrCS
|a PSt
|a ViU
|a WU
|a WvU
|
| 856 |
4 |
0 |
|z Full text available from Research Library: 07/01/1997 to 11/30/2000
|u https://search.proquest.com/publication/33232
|